Movies Quiz

Random Movies or Director Quiz

Movie Firsts Quiz Stats

 Plays Quiz Updated May 23, 2013

Score 0/40 Timer 07:00
2 Plays Today
Firsts (Title/Star/Director) Movie Title % Correct
'Raiders'...Harrison...StevenRaiders of the Lost Ark
96.6%
'Million'...Hillary...ClintMillion Dollar Baby
86.9%
'Rain'...Dustin...BarryRain Man
84%
'Being'... John...SpikeBeing John Malkovich
82.8%
'Gone'...Vivien...VictorGone with the Wind
82.7%
'Back'...Michael...RobertBack to the Future
78.4%
'Good'...Matt...GusGood Will Hunting
75.2%
'North'...Cary...AlfredNorth by Northwest
74.3%
'12'...Henry...Sidney12 Angry Men
71.9%
'No'...Tommy...Joel/EthanNo Country for Old Men
70.3%
'Close'...Richard...StevenClose Encounters of the Third Kind
63.7%
'Desperately'...Rosanna...SusanDesperately Seeking Susan
62.8%
'Dog'...Al...SidneyDog Day Afternoon
62.4%
'Dr.'...Peter...StanleyDr. Strangelove or: How I Learned to Stop Worrying and Love the Bomb
61.6%
'Mad'...Mel...GeorgeMad Max
60.3%
'Young'...Gene...MelYoung Frankenstein
59.6%
'One'...Jack...MilosOne Flew Over the Cuckoo's Nest
58.7%
'Point'...Patrick....KathrynPoint Break
57.2%
'On'...Marlon...EliaOn the Waterfront
56.2%
'Ordinary'...Timothy...RobertOrdinary People
56.2%
Firsts (Title/Star/Director) Movie Title % Correct
'It's'...Jimmy...FrankIt's a Wonderful Life
54.5%
'Ed'...Johnny...TimEd Wood
53.9%
'Dead'...Sean...TimDead Man Walking
48.4%
'Who's'...Elizabeth...MikeWho's Afraid of Virginia Woolf?
43.7%
'For'...Clint...SergioFor a Few Dollars More
40%
'Anatomy'... James...OttoAnatomy of a Murder
39.9%
'Strangers'...Farley...AlfredStrangers on a Train
39.5%
'Mary'...Julie...RobertMary Poppins
39.4%
'Father'...Spencer...VincenteFather of the Bride
37.6%
'Modern'...Charlie...CharlieModern Times
34.6%
'All'...Bette...JosephAll About Eve
33.6%
'It'...Clark...FrankIt Happened One Night
33.5%
'Eight'...John...JohnEight Men Out
33.2%
'Alice'...Ellen...MartinAlice Doesn't Live Here Anymore
32.1%
'In'...Sidney...NormanIn the Heat of the Night
31.9%
'His'...Cary...HowardHis Girl Friday
31%
'Dirty'...Steve...FrankDirty Rotten Scoundrels
29.3%
'Witness'...Charles...BillyWitness for the Prosecution
29.1%
'Touch'...Charlton...OrsonTouch of Evil
20.1%
'Love'...Woody...WoodyLove and Death
8.1%

You're not logged in!

Compare scores with friends on all Sporcle quizzes.
OR
Log In

Show Comments

Extras

Top Quizzes Today


Score Distribution

Your Account Isn't Verified!

In order to create a playlist on Sporcle, you need to verify the email address you used during registration. Go to your Sporcle Settings to finish the process.

Report this User

Report this user for behavior that violates our Community Guidelines.

Details: